000
00301nam a2200121Ia 4500
008
191201s2020 xx 000 0 und d
100
_a
CHOPRA, Rajiv
245
0
_a
Design and Analysis of Algorithms
260
_b
New Age International
_c
2020
300
_a
626
650
_a
B.Tech(IT)
942
_2
ddc
_c
BK
999
_c
7125
_d
7125